Zisťovanie zisku alebo straty v podniku pri zohľadnení fyzickej koncepcie zachovania majetkovej podstaty podniku diplomová práca

Uložené v:
Podrobná bibliografia
Hlavný autor: Masaryková, Andrea
Korporativný autor: Fakulta hospodárskej informatiky EU. Katedra účtovníctva a audítorstva
Ďalší autori: Pakšiová, Renáta, 1974-
Médium: Kniha
Jazyk:Slovak
Vydavateľské údaje: Bratislava 2016
Tagy: Pridať tag
Žiadne tagy, Buďte prvý, kto otaguje tento záznam!

MARC

LEADER 00000nbm a2200000 4500
001 0216829
005 20240905092911.6
041 0 |a slo 
044 |a SK 
245 1 0 |a Zisťovanie zisku alebo straty v podniku pri zohľadnení fyzickej koncepcie zachovania majetkovej podstaty podniku  |b diplomová práca  |c Andrea Filo ; školiteľ: Renáta Pakšiová 
264 1 |a Bratislava  |c 2016 
300 |a 70 s. 
100 1 |a Masaryková, Andrea 
700 1 |a Pakšiová, Renáta, 1974- 
710 2 |a Fakulta hospodárskej informatiky EU. Katedra účtovníctva a audítorstva